000 00420nam a22001457a 4500
040 _cNUST
082 _a004.22
_bPAT
100 _aDavid A. Patterson
_9124455
110 _aJohn L. Hennessy
_9124456
245 _aComputer Organization And Design
_bThe Hardware/ Software Interface
250 _aFifth Edition
260 _aLondon:
_bMK Morgan,
_c2014.
650 _2Computer Organization And Design
942 _2ddc
_cBK
999 _c610310
_d610310